Normal view
MARC view
Entry Topical Term
001 - CONTROL NUMBER
- control field: 471925
003 - CONTROL NUMBER IDENTIFIER
- control field:
005 - DATE AND TIME OF LATEST TRANSACTION
- control field: 20210602134005.0
008 - FIXED-LENGTH DATA ELEMENTS
- fixed length control field: 210602|| aca||aabn | a|a d
040 ## - CATALOGING SOURCE
- Original cataloging agency:
- Transcribing agency:
150 ## - HEADING--TOPICAL TERM
- Topical term or geographic name entry element: Soil animals
- Form subdivision: Congresses
670 ## - SOURCE DATA FOUND
- Source citation: Work cat.: (): International Soil Zoology Colloquium (5th : 1973 : Prague, Czechoslovakia) 471924, Progress in soil zoology :, c1975
